Ιππής
Αποθηκεύτηκε σε:
| Κύριος συγγραφέας: | |
|---|---|
| Άλλοι συγγραφείς: | |
| Μορφή: | Βιβλίο |
| Γλώσσα: | Greek Ancient Greek |
| Δημοσίευση: |
Αθήνα :
Κάκτος,
c1994
|
| Σειρά: | Έλληνες (Κάκτος)
; 145 |
| Θέματα: | |
| Ετικέτες: |
Προσθήκη ετικέτας
Δεν υπάρχουν, Καταχωρήστε ετικέτα πρώτοι!
|
MARC
| LEADER | 00000nam a2200000 i 4500 | ||
|---|---|---|---|
| 001 | 1/4260 | ||
| 008 | 000525s1993 gre d | ||
| 020 | |a 960-352-001-2 | ||
| 035 | |l 10061104 | ||
| 040 | |a GR-MY-UA |b gre |e aacr | ||
| 041 | 0 | |a gre |a grc | |
| 082 | 0 | |a 882.2 | |
| 100 | 0 | |a Αριστοφάνης, |d π. 450-π. 385. | |
| 245 | 1 | 0 | |a Ιππής / |c Αριστοφάνης ; μετάφραση Τάσος Ρούσσος ; εισαγωγή-σχόλια Φιλολογική Ομάδα Κάκτου |
| 260 | |a Αθήνα : |b Κάκτος, |c c1994 | ||
| 300 | |a 191 σ. | ||
| 490 | 1 | |a Οι Έλληνες |v ; 145 | |
| 600 | 0 | 0 | |a Αριστοφάνης, |d π. 450-π. 385. |
| 650 | 0 | 0 | |a Greek drama (Comedy) |
| 700 | 1 | |a Ρούσσος, Τάσος |d 1934- |4 trl | |
| 830 | 0 | |a Έλληνες (Κάκτος) |v ; 145 | |
| 852 | |a INST |b LESVOS |e 20000525 |h 882.2 ΑΡΙ |p 005100026371 |q 005100026371 |t BK |y 0 | ||
| 901 | |a BIBL1-2000-1 | ||
| 909 | |a Λ |b 072227 | ||
| 922 | |a 1ΕΛΗ |b 199912 |c ΤΑΚ/ΚΥΒ |d ΠΑΠΑΣΩΤΗΡΙΟΥ | ||
| 950 | |a 023-1999-12-06 | ||
| 970 | |a ΤΖΑΦΕΡΗ |b ΕΥΑΓΓΕΛΙΑ |z 2000/05/25 | ||